00746cam a2200253 45000010008000000030004000080050017000120080041000290100017000700200018000870350012001050400023001170820016001401000044001562450041002002600034002413000030002753360026003053370028003313380027003594400043003865040030004296500033004593593099OSt20260512122441.0681510s1968 nyua b 000 0 eng  a 68012180  a9781138582873 a3593099 aDLCcDLCdICUdDLC00a530.11bFRE1 aFrench, A. P.q(Anthony Philip),d1920-10aSpecial relativity /c A. P. French. aBoca Raton:bCRC Press,c2024 ax, 286 p.billus.c24 cm. atextbtxt2rdacontent aunmediatedbn2rdamedia avolumebnc2rdacarrier 4aThe M.I.T. introductory physics series aBibliography: p. 273-275. 0aSpecial relativity (Physics)